Bibliografía de lingüística general y española, 1964-1990 /

Bibliographic Details
Other Authors: Báez San José, Valerio
Format: Book
Language:Spanish
Published: [Madrid] : Servicio de Publicaciones, Universidad de Alcalá, [1995-]
Subjects:

MARC

Tag First Indicator Second Indicator Subfields
LEADER 00000cam a2200000 a 4500
001 in00001402852
005 20151020053049.0
008 951215m19959999sp b 000 0 spa
010 |a  95235069  
020 |a 848138965X (set) 
020 |a 8481389676 (t. 1) 
020 |a 8481381411 (t. 2) 
020 |a 8481382124 (t. 3) 
020 |a 8481389668 (t. 7) 
035 |a (OCoLC)34518085 
035 |9 AHM6885AM 
040 |a DLC  |c DLC  |d PL#  |d TXA  |d UtOrBLW 
049 |a TXAM 
050 0 0 |a Z7001  |b .B52 1995  |a P121 
082 0 0 |a 016.41  |2 20 
090 |a P121  |b .B46 1995 
245 0 0 |a Bibliografía de lingüística general y española, 1964-1990 /  |c Valerio Báez San José [and others]. 
264 1 |a [Madrid] :  |b Servicio de Publicaciones, Universidad de Alcalá,  |c [1995-] 
264 4 |c ©1995- 
300 |a volumes ;  |c 24 cm. 
336 |a text  |b txt  |2 rdacontent 
337 |a unmediated  |b n  |2 rdamedia 
338 |a volume  |b nc  |2 rdacarrier 
505 2 |a t. 1. Historia de la lingüística. Conceptos teóricos y metodológicos -- t. 2. Ciencias lingüísticas -- t. 3. Lingüística de la lengua. Fonética, fonología, morfología y sintaxis -- t. [7] Tomo de índices y abreviaturas. 
650 0 |a Linguistics  |v Bibliography. 
650 0 |a Spanish language  |x Bibliography. 
653 |a Español  |a Lingüística  |a Bibliografía  |a 1964-1990. 
700 1 |a Báez San José, Valerio. 
948 |a c:ktn 
999 |a MARS 
999 f f |s f3ac2096-9fe1-3b07-9e32-315f310180b1  |i f1939223-5ed0-31e9-971c-4694d23a43f9  |t 0 
952 f f |p ric  |a Texas A&M University  |b Rellis Campus  |c Joint Library Facility  |d Remote Storage  |t 0  |e P121 .B46 1995  |h Library of Congress classification  |i unmediated -- volume  |k t.2  |m A14820407392 
998 f f |a P121 .B46 1995  |s t.2  |t 0  |l Remote Storage